| 000 | 00637nam a22001577a 4500 | ||
|---|---|---|---|
| 008 | 110117t xxu||||| |||| 00| 0 eng d | ||
| 020 | _a9770125415 | ||
| 082 |
_a641.11724 _bت غ ذ |
||
| 245 |
_aالتغذية في البلدان النامية / _cتأليف م ه كنج[وآخ]؛ ترجمة سعد خليل شهاب |
||
| 260 |
_aالقاهرة : _bالهيئة المصرية العامة للكتاب ، 1990 _c1990 |
||
| 300 |
_a363 ص : _bايض ؛ _c24 سم |
||
| 650 |
_922036 _aالتغذية _zالدول النامية |
||
| 700 |
_922037 _aشهاب ، سعد خليل |
||
| 700 |
_922034 _aكنج ، م. ه |
||
| 942 |
_2ddc _cBB |
||
| 999 |
_c14908 _d14908 |
||